000 00342 a2200109 4500
001 ART_27808
005 20260410161949.0
008 260409a
245 1 0 _aAnálisis antropológico de las empresas familiares en la Argentina
100 1 _aQuirós, Enrique G.
773 0 _tInvenio
_g- Año 1, Nº 2 (nov. 1998)
_wREV27781
999 _c30241
_d30241